000 00651cam a2200217 4500
001 D7961
008 090401t1980 xxu||||| |||| 00| 0 eng d
035 _a(Sirsi) u10336
041 _aeng
050 _a692.9
_c18
100 _aPowell-Smith, Vincent
245 _aContractor`s guide to the Standard (non-nominated) form of building sub-contract
260 _aSutton, Surrey
_bIPC Building and Contract Journals
_c1980
300 _a28p.
_c30cm
350 _a2.95
650 _aSTANDARD FORM OF NON-NOMINATED SUB-CONTRACT
650 _aSUBCONTRACTS
690 _aBUILT ENVIRONMENT-BUILDING CONTRACT FORMS
942 _n0
948 _c04/03/1997
999 _c86728
_d86728